|
|
|
|
| LEADER |
00000nab a2200000 a 4500 |
| 001 |
vtls000214974 |
| 003 |
SK-MaSNL |
| 005 |
20260304061139.0 |
| 008 |
250422c1985 xo 0 slo |
| 015 |
|
|
|a SNBRB19rr/mm-uuuuu
|
| 035 |
|
|
|a CL0225088
|
| 035 |
|
|
|a urn:nbn:sk:snk-ab6kyc
|
| 035 |
|
|
|a (uuid)e59075bd-a154-49de-8f7d-570a09cac4ad
|
| 035 |
|
|
|a (urnnbn)urn:nbn:sk:snk:ar-005ft3
|
| 035 |
|
|
|a (sysno)vtls000214974
|
| 040 |
|
|
|a SNKBUCL
|b slo
|c SNKBUCL
|e AACR2
|
| 041 |
0 |
|
|a slo
|
| 044 |
|
|
|a xo
|c SK
|
| 080 |
|
|
|a 616.899:616.988-036.21
|2 1981
|
| 080 |
|
|
|a 616.988-036.21
|2 1981
|
| 100 |
1 |
|
|a Mitrová, Eva,
|d 1937-
|4 aut
|9 27396
|
| 245 |
1 |
0 |
|a Familiárny výskyt Creutzfeldtovej-Jakobovej choroby mimo oblasti fokálneho nahromadenia na Slovensku
|c E. Mitrová, E. Gajdoš, K. Schmidt
|
| 300 |
|
|
|b Obr. 3. Res. rus., angl., nem., lit. 11 zázn. v češ., angl.
|
| 650 |
0 |
7 |
|a choroba Creutzfeldtova-Jakobova
|2 snkbucl
|9 847054
|
| 655 |
|
7 |
|a články z novín a časopisov
|2 snkbucl
|9 267496
|
| 700 |
1 |
|
|a Gajdoš, E.
|4 aut
|9 1345276
|
| 700 |
1 |
|
|a Schmidt, K.
|4 aut
|9 931081
|
| 773 |
0 |
|
|t Lekársky obzor
|g Roč. 34, č. 4 (1985), s. 239-246
|
| 850 |
|
|
|a Slovenská národná knižnica
|
| 852 |
|
|
|a Slovenská národná knižnica
|
| 954 |
|
|
|a odborná, vedecká literatúra pôvodná (slovenská)
|2 lita
|
| 958 |
|
|
|a article2022
|
| 958 |
|
|
|a OND
|
| 958 |
|
|
|a NB
|
| 958 |
|
|
|a RK
|
| 958 |
|
|
|a MI
|
| 958 |
|
|
|a EUIPO
|
| 992 |
|
|
|a RBX
|
| 999 |
|
|
|c 2731613
|d 2733543
|